000 00711nam a2200289Ia 4500
005 20260324144747.0
008 008 260324s9999 xx 000 0 eng d
020 _a9781315103273
037 _aEBOOK
040 _aCRL
040 _beng
040 _cCRL
041 _2eng
041 _aeng
084 _qCRL
100 _aDavid Dewar; Alison Todes; Vanessa Watson
_91220511
245 0 _aRegional Development and Settlement Policy
245 0 _bPremises and Prospects
260 _bTaylor and Francis
260 _c1986
365 _a
365 _b115
856 _uhttp://www.taylorfrancis.com/books/9781315103273
942 _cEBOOK
999 _c1827531
_d1827531